000
00303nam a22001217a 4500
082
_a
030
_b
BUR/N-22
100
_a
FUNK
100
_a
WAGNALLS
245
_a
NEW ILLUSTRATED WILDLIFE ENCYCLOPEDIA: VOL 22 TAR -TUC
260
_a
CANADA
_b
BPC PUBLISHING LIMITED
650
_a
ENCYCLOPEDIA
_z
CANADA
942
_c
BK
999
_c
1957
_d
1957